000 00660cam a22002413a 4500
001 25042
003 PGUSA
005 20140828083535.0
008 080411s2008||||xxu|||||s|||||000 | eng d
040 _aPGUSA
_beng
042 _adc
050 4 _aNK
100 1 _aClifford, C. R.
_q(Chandler Robbins),
_d1858-1935
245 1 0 _aColor Value
_h[electronic resource] /
_cC. R. Clifford
260 _bProject Gutenberg,
_c2008
506 _aPublic domain in the USA.
516 _aElectronic text
653 _aColor
653 _aInterior decoration
830 0 _aProject Gutenberg
_v25042
856 4 0 _uhttp://www.gutenberg.org/ebooks/25042
942 _cEB
999 _c254297
_d254297